| 000 | 01018nam a22002777a 4500 | ||
|---|---|---|---|
| 001 | 8377 | ||
| 003 | FISKH | ||
| 005 | 20250910105413.0 | ||
| 008 | 250910b cb ||||| |||| 00| 0 eng d | ||
| 020 | _a0896932206 | ||
| 040 |
_aFISKH _beng _cFISKH _dFISKH |
||
| 050 | _aPZ7.M739 I | ||
| 100 | _aMoncure, Jane Belk | ||
| 245 |
_aIt happened at Mackey's point : _bA story about God's power... and about trust. / _cBy Jane Belk Moncure |
||
| 260 |
_aMinnesota : _bThe Child's World , _c1984. |
||
| 300 |
_a32 pages : _bcolor illustrations ; _c25 cm . |
||
| 505 | _aM | ||
| 520 | _aA family's sugar beet business is wiped out by a cyclone, but they continue to trust in God's wisdom and, in time, something good comes out of the devastation. | ||
| 521 | 8 |
_a550
_bLexile estimate |
|
| 521 | 8 |
_aM
_bRaz-Plus |
|
| 650 |
_aPersonal growth _vFiction |
||
| 650 |
_aA story about god's power and about trust _vFiction |
||
| 700 |
_aHalverson, Lydia _eIllustrator |
||
| 942 |
_2ddc _cBK _n0 |
||
| 999 |
_c8377 _d8377 |
||